A history of Christian thought ; volume 1 : (Record no. 19681)

MARC details
000 -LEADER
fixed length control field 01454nam a2200205 a 4500
003 - CONTROL NUMBER IDENTIFIER
control field PILC
005 - DATE AND TIME OF LATEST TRANSACTION
control field 20250428132228.0
008 - FIXED-LENGTH DATA ELEMENTS--GENERAL INFORMATION
fixed length control field 080222s1975 xx 00 eng d
010 ## - LIBRARY OF CONGRESS CONTROL NUMBER
LC control number Acc#41688
020 ## - INTERNATIONAL STANDARD BOOK NUMBER
International Standard Book Number 0687171741
040 ## - CATALOGING SOURCE
Transcribing agency Philippine Baptist Theological Seminary
050 ## - LIBRARY OF CONGRESS CALL NUMBER
Classification number 1 BT 21.2
Item number G589 1970
100 10 - MAIN ENTRY--PERSONAL NAME
Personal name Gonzalez, Justo L.
Relator term Author
245 10 - TITLE STATEMENT
Title A history of Christian thought ; volume 1 :
Remainder of title from the beginning to the Council of Chalcedon /
Statement of responsibility, etc. Justo L. Gonzales.
264 ## - PRODUCTION, PUBLICATION, DISTRIBUTION, MANUFACTURE, AND COPYRIGHT NOTICE
Place of production, publication, distribution, manufacture Nashville, TN :
Name of producer, publisher, distributor, manufacturer Abingon Press,
Date of production, publication, distribution, manufacture, or copyright notice ©1975.
300 ## - PHYSICAL DESCRIPTION
Extent 407 p. ; 23 cm.
505 ## - FORMATTED CONTENTS NOTE
Formatted contents note Foreword --<br/>Preface to the English edition --<br/>List abbreviations --<br/>I Introduction --<br/>II The cradle of Christianity --<br/>III The theology of the apostolic fathers --<br/>IV The Greek apologists --<br/>V The early heresies: challenge and response --<br/>VI Iranaeus --<br/>VII Tertullian --<br/>VIII The school of Alexandria: clement and origin --<br/>IX Western theology in the third century --<br/>X Eastern theology after origen --<br/>XI The Arian controversy and the council country --<br/>XII The Arian controversy after Nicea --<br/>XIII The theology of Athanasius --<br/>XIV The three great Cappadocians --<br/>XV Trinitarian doctrine in the West --<br/>XVI The beginnings of the Christological controversies --<br/>XVII The Nestorian controversy and the council of Ephesus --<br/>XVIII The council of Chalcedon --<br/>XIX Apostolic or Apostate?
650 ## - SUBJECT ADDED ENTRY--TOPICAL TERM
Topical term or geographic name as entry element THEOLOGY, DOCTRINE
General subdivision HISTORY
942 ## - ADDED ENTRY ELEMENTS (KOHA)
Koha item type Circulation Books
Source of classification or shelving scheme Library of Congress Classification
Holdings
Withdrawn status Lost status Source of classification or shelving scheme Damaged status Not for loan Home library Current library Shelving location Date acquired Cost, normal purchase price Total Checkouts Total Renewals Full call number Barcode Date last seen Date last checked out Price effective from Koha item type
    Dewey Decimal Classification     PBTS Library PBTS Library Circulation Section 02/22/2008 12.67 3 5 1 BT 21.2 G589 1970 41688 03/10/2026 07/21/2018 04/02/2015 Circulation Books

Philippine Baptist Theological Seminary | 19 Tacay Road, Central Guisad, Baguio City 2600, Philippines